Roman society from Nero to Marcus Aurelius /

محفوظ في:

المؤلف الرئيسي: Dill, Samuel, 1844-1924 (مؤلف)

التنسيق: كتاب

اللغة: English

منشور في: London : Macmillan, 1937, c1905.

الموضوعات:

الوسوم: إضافة وسم

لا توجد وسوم, كن أول من يضع وسما على هذه التسجيلة!

رقم الطلب: DG78 .D57 1937

LEADER 00746nam a2200241Ia 4500
001 6748
003 OSt
005 20260114131000.0
008 130303r19371905enk b 000 0 eng d
040 |c ARCE Library 
043 |a e-it--- 
050 4 |a DG78 .D57 1937 
100 1 |a Dill, Samuel,  |d 1844-1924,  |e author  |9 29041 
245 1 0 |a Roman society from Nero to Marcus Aurelius /  |c Samuel Dill. 
264 1 |a London :  |b Macmillan,  |c 1937, c1905. 
300 |a xxii, 639 pages ;  |c 24 cm. 
500 |a Reprint. Originally published : 2nd. edition. London : Macmillan, 1905. 
504 |a Includes bibliographical references. 
651 0 |a Rome  |x Social life and customs. 
651 0 |a Rome  |x Religion. 
901 |a reviewed 
942 |c BK  |2 lcc 
999 |c 8142  |d 8142